MARC

LEADER 00000nam0a2200000 4500
001 275612
005 20231101234836.0
035 |a (RuTPU)RU\TPU\book\298857 
090 |a 275612 
100 |a 20141115d1984 k y0rusy50 ca 
101 0 |a rus 
102 |a UA 
105 |a a z 001zy 
200 1 |a Метрологическое обеспечение динамических измерений в ИИС  |e сборник научных трудов  |f Всесоюзный научно-исследовательский институт метрологии измерительных и управляющих систем (ВНИИМИУС) ; под ред. А. А. Брагина 
210 |a Львов  |c Изд-во ВНИИМИУС  |d 1984 
215 |a 92 с.  |c ил. 
320 |a Библиогр. в конце ст. 
606 1 |a Измерительные информационные системы  |2 stltpush  |3 (RuTPU)RU\TPU\subj\68091  |9 83629 
610 1 |a метрологическое обеспечение 
610 1 |a динамические измерения 
610 1 |a ИИС 
610 1 |a статические характеристики 
610 1 |a динамические характеристики 
610 1 |a измерительный сигнал 
610 1 |a импульсный поток 
610 1 |a преобразователи 
675 |a 681.518.3  |v 3 
702 1 |a Брагин  |b А. А.  |4 340 
712 0 2 |a Всесоюзный научно-исследовательский институт метрологии измерительных и управляющих систем (ВНИИМИУС)  |c (Львов)  |2 stltpush  |3 (RuTPU)RU\TPU\col\13848 
801 1 |a RU  |b 63413507  |c 20141115 
801 2 |a RU  |b 63413507  |c 20160428  |g RCR 
942 |c BK